[Event "Cappelle-la-Grande 2014"]
[Site "Cappelle-la-Grande (FRA)"]
[Date "????.??.??"]
[Round "7.56"]
[White "Popovic, Dusan"]
[Black "Schmit, Vincent"]
[Result "1-0"]
[WhiteElo "2553"]
[BlackElo "2106"]
[PlyCount "43"]

1. e4 e5 2. d4 exd4 3. Qxd4 Nc6 4. Qe3 Nf6 5. Nc3 Bb4 6. Bd2 O-O 7. O-O-O Re8
8. Bc4 d6 9. f3 Be6 10. Bxe6 Rxe6 11. Qg5 Ne5 12. Nge2 Nfd7 13. Qxd8+ Rxd8 14.
Nb5 Bxd2+ 15. Rxd2 Rc8 16. Nf4 Ree8 17. Nd5 c6 18. Nxd6 cxd5 19. Nxc8 Rxc8 20.
Rxd5 Nc5 21. b4 Ncd3+ 22. Kb1 1-0

[Event "Cappelle-la-Grande 2014"]
[Site "Cappelle-la-Grande (FRA)"]
[Date "????.??.??"]
[Round "7.57"]
[White "Maze, Sebastien"]
[Black "Wozniak, Mariola"]
[Result "1-0"]
[WhiteElo "2545"]
[BlackElo "2099"]
[PlyCount "71"]

1. e4 c5 2. Nf3 d6 3. Bb5+ Bd7 4. Bxd7+ Qxd7 5. O-O Nf6 6. Qe2 e6 7. Rd1 Be7 8.
d4 cxd4 9. Nxd4 O-O 10. c4 a6 11. Nc3 Qc7 12. Be3 Nc6 13. Rac1 Rac8 14. b3 Qb8
15. f3 Rfd8 16. g3 Rd7 17. Kg2 Rcd8 18. Nxc6 bxc6 19. c5 d5 20. exd5 Nxd5 21.
Nxd5 Rxd5 22. Rxd5 Rxd5 23. Qxa6 Qe5 24. Re1 Qc3 25. Re2 Rd3 26. Bf4 Bxc5 27.
Be5 Qc1 28. Qxd3 Qg1+ 29. Kh3 Qf1+ 30. Kg4 h6 31. h4 f5+ 32. Kf4 Qc1+ 33. Qd2
g5+ 34. hxg5 hxg5+ 35. Kxg5 Be7+ 36. Bf6 1-0

[Event "Cappelle-la-Grande 2014"]
[Site "Cappelle-la-Grande (FRA)"]
[Date "????.??.??"]
[Round "7.58"]
[White "Hovhanisian, Mher"]
[Black "Noguchi, Koji"]
[Result "1-0"]
[WhiteElo "2526"]
[BlackElo "2086"]
[PlyCount "69"]

1. e4 g6 2. d4 Bg7 3. Nc3 d6 4. Nf3 a6 5. a4 b6 6. Bc4 e6 7. h4 h6 8. h5 g5 9.
Ne2 Bb7 10. d5 e5 11. Ng3 Bf6 12. Nh2 Nd7 13. Ng4 Qe7 14. Ra3 Qf8 15. b4 Rh7
16. a5 Bd8 17. Qe2 b5 18. Ba2 c5 19. dxc6 Bxc6 20. Rc3 Rc8 21. Bd5 Ne7 22. Bxc6
Rxc6 23. Rxc6 Nxc6 24. O-O Nxb4 25. c4 Nc5 26. cxb5 Qe7 27. Ba3 Nbd3 28. Bxc5
Nf4 29. Qc4 dxc5 30. b6 Qe6 31. Qxa6 Qxg4 32. b7 Bc7 33. Qb5+ Qd7 34. b8=Q+
Bxb8 35. Qxb8+ 1-0

[Event "Cappelle-la-Grande 2014"]
[Site "Cappelle-la-Grande (FRA)"]
[Date "????.??.??"]
[Round "7.59"]
[White "Dumas, Victor"]
[Black "Haub, Thorsten Michael"]
[Result "0-1"]
[WhiteElo "2077"]
[BlackElo "2449"]
[PlyCount "104"]

1. e4 g6 2. d4 Bg7 3. Nc3 d6 4. Be3 a6 5. Qd2 Nd7 6. h4 h6 7. O-O-O b5 8. f4 h5
9. Nf3 Ndf6 10. Bd3 d5 11. Ng5 b4 12. Nxd5 Nxd5 13. exd5 Rb8 14. Bc4 Nh6 15.
Rde1 O-O 16. Qd3 Bf5 17. Qb3 Qd6 18. Qa4 Ng4 19. Qc6 Nxe3 20. Qxd6 exd6 21.
Rxe3 Bxd4 22. Re7 a5 23. Nf3 Bb6 24. Rhe1 a4 25. Kd2 Bg4 26. R1e2 Kg7 27. Ke1
Kf6 28. R2e4 Bf5 29. Re2 Kg7 30. Ng5 Kg8 31. Nf3 Ra8 32. Kd2 Ra5 33. Ke1 Rc5
34. b3 Bg4 35. Kd2 Ba5 36. Re8 a3 37. Kd1 c6 38. dxc6 Rxc6 39. R2e7 d5 40. Be2
Bd8 41. Rxf8+ Kxf8 42. Rb7 Rb6 43. Rxb6 Bxb6 44. Ne5 Bf5 45. Bd3 Be6 46. Ke2
Bd4 47. Bb5 Bc3 48. g3 Ke7 49. Nd3 Bg4+ 50. Ke3 Bd1 51. Nf2 Bxc2 52. Bd3 Bxb3
0-1

[Event "Cappelle-la-Grande 2014"]
[Site "Cappelle-la-Grande (FRA)"]
[Date "????.??.??"]
[Round "7.60"]
[White "Sergeev, Vladimir"]
[Black "Harazinska, Ewa"]
[Result "1-0"]
[WhiteElo "2439"]
[BlackElo "2078"]
[PlyCount "101"]

1. c4 c5 2. Nf3 Nf6 3. d4 cxd4 4. Nxd4 b6 5. Nc3 Bb7 6. f3 Nc6 7. Nc2 e6 8. e4
Bc5 9. Be3 Qe7 10. Qd2 Rd8 11. O-O-O O-O 12. Bxc5 Qxc5 13. Qd6 Qxd6 14. Rxd6
Ne8 15. Rd2 Nc7 16. Be2 f6 17. Rhd1 Rf7 18. c5 bxc5 19. Na4 d5 20. Nxc5 Bc8 21.
Ne3 Re8 22. exd5 Nxd5 23. Nxd5 exd5 24. Bb5 Rc7 25. Rxd5 Nb4 26. Bxe8 Nxd5 27.
Rxd5 Be6 28. Rd8 Rxc5+ 29. Kd2 Rd5+ 30. Rxd5 Bxd5 31. b3 Kf8 32. Bb5 Ke7 33.
Ke3 Kd6 34. Kd4 g5 35. Bc4 Bc6 36. b4 h6 37. b5 Bb7 38. Bd3 g4 39. Be4 gxf3 40.
gxf3 Bc8 41. f4 Bd7 42. a4 h5 43. h4 Be8 44. Kc4 Bf7+ 45. Kb4 Be6 46. a5 Bd7
47. Kc4 Be6+ 48. Kd4 Bd7 49. b6 axb6 50. a6 Bc6 51. a7 1-0

[Event "Cappelle-la-Grande 2014"]
[Site "Cappelle-la-Grande (FRA)"]
[Date "????.??.??"]
[Round "7.61"]
[White "Velten, Paul"]
[Black "Nakamura, Naohiro"]
[Result "1-0"]
[WhiteElo "2429"]
[BlackElo "2075"]
[PlyCount "109"]

1. d4 Nf6 2. Nf3 g6 3. c4 Bg7 4. Nc3 O-O 5. e4 d6 6. Be3 e5 7. dxe5 dxe5 8.
Qxd8 Rxd8 9. Nd5 Nxd5 10. cxd5 c6 11. Bc4 Bd7 12. O-O-O cxd5 13. Bxd5 Nc6 14.
Kb1 Be8 15. Rd2 Bf6 16. h4 h5 17. Rg1 Rd7 18. Bxc6 bxc6 19. Rgd1 Rad8 20. Bxa7
Rxd2 21. Rxd2 Rxd2 22. Nxd2 Bxh4 23. Nc4 Be7 24. Nxe5 g5 25. f3 c5 26. Nc4 g4
27. Ne3 gxf3 28. gxf3 h4 29. Nf5 Bg5 30. Bxc5 h3 31. Bd6 f6 32. Bh2 Bh5 33. f4
Bf3 34. Nd6 Bh4 35. b4 Kf8 36. Kc2 Bf2 37. Kd3 Ke7 38. Nc4 Kd7 39. a4 Bd1 40.
Nb2 Bf3 41. b5 Bg2 42. Nc4 Bf1+ 43. Kc3 Kc7 44. f5+ Kd8 45. b6 Be1+ 46. Kb3 Kc8
47. e5 Bd3 48. exf6 Bh4 49. Nd6+ Kb8 50. f7 Be7 51. f6 Bf8 52. a5 Ka8 53. Kc3
Be2 54. Kd4 Bf1 55. Kd5 1-0

[Event "Cappelle-la-Grande 2014"]
[Site "Cappelle-la-Grande (FRA)"]
[Date "????.??.??"]
[Round "7.62"]
[White "Roser, Kevin"]
[Black "Kromhout, Ewan"]
[Result "0-1"]
[WhiteElo "2422"]
[BlackElo "2074"]
[PlyCount "124"]

1. e4 c5 2. Nf3 e6 3. d4 cxd4 4. Nxd4 a6 5. Bd3 Bc5 6. Nb3 Ba7 7. Qg4 Nf6 8.
Qg3 d6 9. Nc3 Nc6 10. Bg5 Ne5 11. Be2 h6 12. Be3 Bxe3 13. Qxe3 Qc7 14. f4 Ng6
15. O-O-O Bd7 16. g4 e5 17. f5 Nf4 18. h4 Bc6 19. g5 Nd7 20. Bf3 O-O-O 21. Kb1
Kb8 22. Nc1 Qb6 23. Qd2 Nc5 24. N1e2 Nxe2 25. Qxe2 a5 26. Bh5 Qc7 27. a3 a4 28.
Qc4 Rd7 29. Bg4 f6 30. gxf6 gxf6 31. Bh5 Qa5 32. Bf3 b5 33. Qb4 Qxb4 34. axb4
Na6 35. Rhg1 Kc7 36. Rg6 Rf7 37. Be2 Rb8 38. Rxh6 Nxb4 39. Bh5 Rff8 40. Rh7+
Kb6 41. Rxd6 Kc5 42. Re6 Rh8 43. Ree7 Kd4 44. Bg6 Rxh7 45. Rxh7 Rd8 46. h5 Bxe4
47. h6 Bxc2+ 48. Kc1 Bb3 49. Re7 a3 50. Re8 Rxe8 51. Bxe8 a2 52. Nxa2 Nxa2+ 53.
Kb1 Bg8 54. Bf7 Bh7 55. Bg6 e4 56. Bxh7 e3 57. Kxa2 e2 58. Bg6 e1=Q 59. h7 Qh1
60. Kb3 Kc5 61. Kc3 Qh3+ 62. Kc2 b4 0-1

[Event "Cappelle-la-Grande 2014"]
[Site "Cappelle-la-Grande (FRA)"]
[Date "????.??.??"]
[Round "7.63"]
[White "Terrieux, Kevin"]
[Black "Coimbra, Margarida"]
[Result "1-0"]
[WhiteElo "2418"]
[BlackElo "2072"]
[PlyCount "87"]

1. d4 d5 2. c4 c6 3. Nf3 Nf6 4. Nc3 e6 5. cxd5 exd5 6. Qc2 g6 7. Bg5 Be7 8. e3
Bf5 9. Bd3 Bxd3 10. Qxd3 Nbd7 11. O-O O-O 12. Rab1 a5 13. a3 Re8 14. Nd2 Ne4
15. Bxe7 Qxe7 16. Ndxe4 dxe4 17. Qc2 Nf6 18. Qb3 b5 19. Rfc1 Rac8 20. Rc2 Rc7
21. Rbc1 Rec8 22. h3 Qd6 23. Rd2 Rb8 24. Nb1 Nd5 25. Nc3 Nxc3 26. Qxc3 b4 27.
Qc5 Qxc5 28. Rxc5 bxa3 29. bxa3 Ra7 30. Rxc6 Rb3 31. a4 Ra3 32. Rc4 Kf8 33. Rb2
Ke7 34. g4 Kd7 35. Rb5 f6 36. Kg2 Ra2 37. Kg3 h6 38. h4 Ra6 39. h5 f5 40. Rb7+
Ke6 41. hxg6 Kf6 42. g7 Ra8 43. Rc6+ Kg5 44. Rb5 1-0

[Event "Cappelle-la-Grande 2014"]
[Site "Cappelle-la-Grande (FRA)"]
[Date "????.??.??"]
[Round "7.64"]
[White "Bourgois, Bastien"]
[Black "Roeder, Matthias"]
[Result "0-1"]
[WhiteElo "2064"]
[BlackElo "2416"]
[PlyCount "50"]

1. d4 Nf6 2. c4 g6 3. Nc3 Bg7 4. e4 d6 5. f4 Bg4 6. Be2 Bxe2 7. Ngxe2 O-O 8.
O-O Na6 9. Ng3 c5 10. d5 Nc7 11. Be3 Qd7 12. Qe2 Ng4 13. Bd2 b5 14. e5 dxe5 15.
f5 Nf6 16. b3 bxc4 17. bxc4 Nce8 18. fxg6 hxg6 19. Nge4 Nd6 20. Nxc5 Qg4 21.
Rxf6 Qxe2 22. Nxe2 exf6 23. Rc1 Rfc8 24. Bb4 Bh6 25. Rc3 Bd2 0-1

[Event "Cappelle-la-Grande 2014"]
[Site "Cappelle-la-Grande (FRA)"]
[Date "????.??.??"]
[Round "7.65"]
[White "Vassallo Barroche, Mauricio"]
[Black "Kooshani, Mahbuboollah"]
[Result "1-0"]
[WhiteElo "2398"]
[BlackElo "2059"]
[PlyCount "105"]

1. d4 e6 2. Nf3 Nf6 3. c4 d5 4. g3 Bb4+ 5. Bd2 Bxd2+ 6. Qxd2 O-O 7. Bg2 Ne4 8.
Qc2 Nc6 9. O-O Nb4 10. Qc1 c6 11. a3 Na6 12. Nc3 f5 13. Ne5 Nc7 14. e3 Ne8 15.
Ne2 N8d6 16. b3 Nf7 17. Nd3 Bd7 18. Qb2 Rc8 19. Rad1 Qe7 20. f3 Ned6 21. Rc1
Ne8 22. Nc3 e5 23. cxd5 exd4 24. exd4 Qe3+ 25. Nf2 Qxd4 26. Rfd1 Qf6 27. Qd2
Ned6 28. f4 c5 29. Re1 Rfe8 30. h3 g6 31. Bf3 b6 32. Kg2 Kf8 33. Rxe8+ Rxe8 34.
Nfd1 Qe7 35. Nb2 Kg7 36. Nc4 Kf8 37. g4 Kg7 38. g5 Kf8 39. h4 Kg7 40. h5 gxh5
41. Qb2 Kg8 42. Bxh5 b5 43. Nxd6 Qxd6 44. Qd2 b4 45. axb4 cxb4 46. Ne2 Be6 47.
dxe6 Qxe6 48. Rc7 Re7 49. Rxe7 Qxe7 50. Qd5 Kg7 51. Nd4 Qe4+ 52. Qxe4 fxe4 53.
Bxf7 1-0

[Event "Cappelle-la-Grande 2014"]
[Site "Cappelle-la-Grande (FRA)"]
[Date "????.??.??"]
[Round "7.66"]
[White "Loiseau, Quentin"]
[Black "Alquist, Erik"]
[Result "1/2-1/2"]
[WhiteElo "2388"]
[BlackElo "2054"]
[PlyCount "68"]

1. d4 f5 2. g3 Nf6 3. Bg2 e6 4. Nf3 d5 5. O-O c6 6. c4 Bd6 7. b3 Qe7 8. a4 a5
9. Ba3 Bxa3 10. Nxa3 O-O 11. Nc2 b6 12. Nce1 Bb7 13. Nd3 Na6 14. Rc1 Ne4 15.
Nfe5 c5 16. dxc5 bxc5 17. Qe1 Rfc8 18. e3 Nb4 19. f3 Nf6 20. Rd1 Rd8 21. Qf2
Rac8 22. Rd2 Nd7 23. Nxd7 Nxd3 24. Rxd3 dxc4 25. bxc4 Rxd7 26. Rfd1 Rcd8 27.
Rxd7 Rxd7 28. Qe1 Qd8 29. Rxd7 Qxd7 30. Qxa5 Qd1+ 31. Kf2 Qc2+ 32. Ke1 Qc1+ 33.
Kf2 Qc2+ 34. Ke1 Qc1+ 1/2-1/2

[Event "Cappelle-la-Grande 2014"]
[Site "Cappelle-la-Grande (FRA)"]
[Date "????.??.??"]
[Round "7.67"]
[White "Kobayashi, Atsuhiko"]
[Black "Rambaldi, Francesco"]
[Result "0-1"]
[WhiteElo "2033"]
[BlackElo "2388"]
[PlyCount "66"]

1. d4 Nf6 2. c4 g6 3. Nc3 d5 4. cxd5 Nxd5 5. Bd2 Bg7 6. e4 Nb6 7. Be3 O-O 8. h3
e5 9. Nf3 exd4 10. Bxd4 Nc6 11. Bxg7 Kxg7 12. Bb5 Bd7 13. O-O a6 14. Bxc6 Bxc6
15. Ne5 Bb5 16. Nxb5 axb5 17. Qb3 c6 18. Rad1 Qe7 19. Ng4 h5 20. Qc3+ f6 21.
Nh2 Rxa2 22. Nf3 Ra4 23. e5 Nd5 24. exf6+ Qxf6 25. Qc5 Re4 26. Rfe1 Rfe8 27.
Rxe4 Rxe4 28. b3 Re7 29. Nd4 Nf4 30. Nf3 Nd5 31. Nd4 b4 32. Nc2 Re2 33. Re1 b6
0-1

[Event "Cappelle-la-Grande 2014"]
[Site "Cappelle-la-Grande (FRA)"]
[Date "????.??.??"]
[Round "7.68"]
[White "Manea, Alexandru"]
[Black "Sobry, Sebastien"]
[Result "1-0"]
[WhiteElo "2385"]
[BlackElo "2040"]
[PlyCount "81"]

1. c4 Nf6 2. Nc3 c5 3. g3 g6 4. Bg2 Bg7 5. Nf3 O-O 6. O-O Nc6 7. d4 cxd4 8.
Nxd4 Nxd4 9. Qxd4 d6 10. Qh4 Qd7 11. h3 Rb8 12. Bg5 a6 13. Rfd1 Qc7 14. Rac1
Be6 15. Nd5 Bxd5 16. cxd5 Qb6 17. Rc2 Rbc8 18. Rdc1 Rxc2 19. Rxc2 Qa5 20. b4
Qa4 21. Qc4 b5 22. Qb3 Qxb3 23. axb3 h6 24. Be3 Ra8 25. Bb6 Nd7 26. Ba5 Bd4 27.
Rc6 Ne5 28. e3 Bb2 29. Rc2 Ba1 30. Rc7 Kf8 31. f4 Nd3 32. Bf1 Nxb4 33. Bxb4 a5
34. Bc3 Bxc3 35. Rxc3 b4 36. Rc2 a4 37. bxa4 Rxa4 38. Rb2 Ra3 39. Kf2 b3 40.
Bc4 f5 41. Rxb3 1-0

[Event "Cappelle-la-Grande 2014"]
[Site "Cappelle-la-Grande (FRA)"]
[Date "????.??.??"]
[Round "7.69"]
[White "Caderon, Michel"]
[Black "Pogorelov, Ruslan"]
[Result "0-1"]
[WhiteElo "2030"]
[BlackElo "2364"]
[PlyCount "64"]

1. e4 c5 2. Nf3 e6 3. d4 cxd4 4. Nxd4 a6 5. Nc3 b5 6. a3 Bb7 7. Bd3 Qc7 8. Qe2
d6 9. O-O Nf6 10. Kh1 Be7 11. f4 Nbd7 12. f5 e5 13. Nf3 O-O 14. Bg5 Rfe8 15.
Rae1 d5 16. Bxf6 Nxf6 17. Nxd5 Bxd5 18. exd5 e4 19. Bxe4 Bxa3 20. Qd3 Bd6 21.
Nd2 Rac8 22. g3 h5 23. Kg2 Re5 24. c3 Rce8 25. Qb1 Qe7 26. Kf3 Nxe4 27. Rxe4
Qg5 28. Ke2 Rxe4+ 29. Nxe4 Qg4+ 30. Ke3 Bc5+ 31. Kd2 Rxe4 32. Qd3 Re3 0-1

[Event "Cappelle-la-Grande 2014"]
[Site "Cappelle-la-Grande (FRA)"]
[Date "????.??.??"]
[Round "7.70"]
[White "Janik, Igor"]
[Black "Solomon, Kenny"]
[Result "0-1"]
[WhiteElo "2020"]
[BlackElo "2350"]
[PlyCount "104"]

1. e4 c5 2. Nf3 e6 3. d4 cxd4 4. Nxd4 a6 5. Bd3 Bc5 6. Nb3 Be7 7. Be3 d6 8.
N1d2 Nd7 9. f4 Ngf6 10. Qf3 e5 11. O-O h5 12. a4 b6 13. Nc4 Bb7 14. Rad1 Qc7
15. fxe5 dxe5 16. Qf2 Bd8 17. a5 bxa5 18. Nbxa5 Bc8 19. b4 O-O 20. h3 Be7 21.
c3 Rb8 22. Qg3 Ne8 23. Bb1 h4 24. Qf2 g6 25. Ba2 Kh7 26. Bc1 Ng7 27. Qd2 g5 28.
Ne3 Nf6 29. Qc2 Kh8 30. Rxf6 Bxf6 31. Nd5 Qd6 32. Nc4 Qe6 33. Ba3 Rg8 34. Nde3
Qe7 35. b5 Qb7 36. Nd6 Qa7 37. Qf2 Nh5 38. Nxf7+ Kh7 39. Rd6 axb5 40. Bc1 Rg6
41. Kh2 Rb7 42. Qf3 Nf4 43. Nd8 Rd7 44. Rxd7+ Bxd7 45. Bf7 Bxd8 46. Bxg6+ Kxg6
47. Qd1 Be7 48. Qb3 Kg7 49. c4 b4 50. Bb2 Qc5 51. Nd5 Nxd5 52. exd5 Bf6 0-1

[Event "Cappelle-la-Grande 2014"]
[Site "Cappelle-la-Grande (FRA)"]
[Date "????.??.??"]
[Round "7.71"]
[White "Vul, Arkadi Eremeevich"]
[Black "Coulon, Guillaume"]
[Result "1/2-1/2"]
[WhiteElo "2346"]
[BlackElo "2006"]
[PlyCount "119"]

1. Nf3 Nf6 2. c4 g6 3. g3 Bg7 4. Bg2 O-O 5. d4 d6 6. O-O Nc6 7. Nc3 Bf5 8. d5
Na5 9. Nd2 c5 10. e4 Bd7 11. Qc2 a6 12. b3 b5 13. Bb2 Rb8 14. Rab1 bxc4 15.
bxc4 Ng4 16. Nd1 Bxb2 17. Nxb2 e5 18. h3 Nh6 19. Nd3 Qc7 20. f4 f6 21. Qc3 Nf7
22. Kh2 Kg7 23. Bf3 h5 24. h4 Rb7 25. Rxb7 Nxb7 26. Rb1 Qa5 27. Qxa5 Nxa5 28.
Rb6 Ra8 29. Kg2 exf4 30. gxf4 Ra7 31. Kf2 Bc8 32. Rb8 Bd7 33. Ke3 Nb7 34. Bd1
a5 35. Nb2 Nfd8 36. Ba4 Bxa4 37. Nxa4 Nf7 38. Nb3 g5 39. fxg5 fxg5 40. hxg5 Ne5
41. Nd2 Kg6 42. Rg8+ Kf7 43. Rc8 Kg6 44. Rc7 h4 45. Kf4 Ra8 46. Rxb7 Rf8+ 47.
Ke3 h3 48. Rb1 Ng4+ 49. Ke2 Rf2+ 50. Kd3 h2 51. Nxc5 Ne5+ 52. Ke3 Ng4+ 53. Kd3
Ne5+ 54. Kc3 Rxd2 55. Nd7 Rd3+ 56. Kc2 Rd2+ 57. Kc3 Rd3+ 58. Kc2 Rd2+ 59. Kc3
Rd3+ 60. Kc2 1/2-1/2

[Event "Cappelle-la-Grande 2014"]
[Site "Cappelle-la-Grande (FRA)"]
[Date "????.??.??"]
[Round "7.72"]
[White "Massoni, Michael"]
[Black "Szostko, Jakub"]
[Result "1/2-1/2"]
[WhiteElo "2341"]
[BlackElo "1998"]
[PlyCount "97"]

1. c4 e6 2. g3 d5 3. Bg2 Nf6 4. Nf3 dxc4 5. Qa4+ Nbd7 6. Qxc4 a6 7. Qc2 c5 8.
O-O b5 9. a4 Bb7 10. d3 Be7 11. Nc3 Qb6 12. Be3 b4 13. Nd1 Nd5 14. Bd2 O-O 15.
e4 N5f6 16. Ne3 Rac8 17. b3 Qc7 18. a5 Ne5 19. Nxe5 Qxe5 20. Nc4 Qd4 21. Be3
Qd8 22. Rad1 Ng4 23. Bf4 e5 24. Bc1 Nf6 25. Bb2 Nd7 26. Bh3 Bc6 27. f4 exf4 28.
gxf4 Rc7 29. e5 f5 30. Bg2 Nb8 31. d4 cxd4 32. Bxd4 Rd7 33. Bxc6 Rxd4 34. Bg2
Bc5 35. Kh1 Qc7 36. Ne3 Rxd1 37. Rxd1 Qxa5 38. Rd5 Qa1+ 39. Nd1 Be3 40. Qd3
Bxf4 41. Rd8 Rxd8 42. Qxd8+ Kf7 43. Qd5+ Kg6 44. Qd6+ Kg5 45. h4+ Kxh4 46. Qd8+
Kg3 47. Qd3+ Kh4 48. Qd8+ Kg3 49. Qd3+ 1/2-1/2

[Event "Cappelle-la-Grande 2014"]
[Site "Cappelle-la-Grande (FRA)"]
[Date "????.??.??"]
[Round "7.73"]
[White "Le Pape, Valery"]
[Black "Jessel, Stephen"]
[Result "0-1"]
[WhiteElo "1986"]
[BlackElo "2334"]
[PlyCount "68"]

1. d4 e6 2. c4 d5 3. Nc3 Nf6 4. cxd5 exd5 5. Bg5 Nbd7 6. e3 Be7 7. Bd3 c6 8.
Qc2 O-O 9. Nf3 Re8 10. O-O Nf8 11. h3 Bd6 12. Rae1 Be6 13. e4 dxe4 14. Nxe4 Be7
15. Nc5 Qb6 16. Nxe6 Nxe6 17. Rxe6 fxe6 18. Re1 Bd8 19. Bxf6 Bxf6 20. Bxh7+ Kf8
21. Bg6 Re7 22. Qe4 Rd8 23. Qg4 Qa5 24. Re3 Qd5 25. Be4 Qxa2 26. Ne5 Rxd4 27.
Qh5 Bxe5 28. Qxe5 Qxb2 29. Rf3+ Ke8 30. Qb8+ Kd7 31. Rf8 Qb6 32. Qc8+ Kd6 33.
Bf3 Qc7 34. Rd8+ Kc5 0-1

[Event "Cappelle-la-Grande 2014"]
[Site "Cappelle-la-Grande (FRA)"]
[Date "????.??.??"]
[Round "7.74"]
[White "Justo, Damian"]
[Black "Weill, Serge"]
[Result "1-0"]
[WhiteElo "2315"]
[BlackElo "1958"]
[PlyCount "105"]

1. d4 Nf6 2. c4 c5 3. d5 d6 4. Nc3 e5 5. e3 Be7 6. Bd3 O-O 7. f4 Nbd7 8. Nf3
Re8 9. fxe5 Nxe5 10. Nxe5 dxe5 11. O-O Bf8 12. e4 Bd7 13. Bg5 Be7 14. Bc2 Bg4
15. Qd3 Nh5 16. Be3 Bg5 17. Ba4 Bxe3+ 18. Qxe3 Rf8 19. Qxc5 Nf4 20. Qe3 Rc8 21.
h3 Bh5 22. Bb3 b5 23. cxb5 Qg5 24. Rf2 Rcd8 25. Kh2 Rd6 26. Re1 Rh6 27. Bd1 Bg6
28. d6 Qh4 29. Be2 f5 30. Bc4+ Kh8 31. Qg3 Qf6 32. exf5 Bxf5 33. Nd5 Qxd6 34.
Nxf4 Qc5 35. Ne6 Bxe6 36. Rxf8+ Qxf8 37. Bxe6 Rxe6 38. Rxe5 Rf6 39. a3 h6 40.
Re3 Qc5 41. Re8+ Kh7 42. a4 Qc2 43. b3 Rg6 44. Qf3 Qc7+ 45. g3 Qc5 46. Re2 Kg8
47. Qa8+ Kh7 48. Qf3 Kg8 49. Qd3 Qb6 50. h4 a6 51. bxa6 Qc6 52. Rc2 Qb6 53. a7
1-0

[Event "Cappelle-la-Grande 2014"]
[Site "Cappelle-la-Grande (FRA)"]
[Date "????.??.??"]
[Round "7.75"]
[White "Kulon, Klaudia"]
[Black "Inouss, Badr"]
[Result "1-0"]
[WhiteElo "2308"]
[BlackElo "1954"]
[PlyCount "60"]

1. c4 e5 2. g3 Nf6 3. Bg2 d5 4. cxd5 Nxd5 5. Nc3 Nb6 6. Nf3 Nc6 7. a3 Be7 8. b4
Be6 9. d3 a5 10. b5 Nd4 11. O-O Nb3 12. Rb1 Nxc1 13. Qxc1 f6 14. Nd2 Ra7 15.
Nce4 O-O 16. Nc5 Bd5 17. Bh3 f5 18. e4 Qd6 19. Ncb3 fxe4 20. Nxe4 Qd8 21. Nbc5
Bxe4 22. dxe4 Bg5 23. Qc3 Qd2 24. Qxe5 Bf6 25. Qxc7 Na8 26. Qd7 Bd4 27. Rbd1
Bxf2+ 28. Kh1 Qc2 29. Ne6 Qxe4+ 30. Bg2 b6 1-0

[Event "Cappelle-la-Grande 2014"]
[Site "Cappelle-la-Grande (FRA)"]
[Date "????.??.??"]
[Round "7.76"]
[White "Mallevaey, Guillaume"]
[Black "Coenen, Michael"]
[Result "0-1"]
[WhiteElo "1924"]
[BlackElo "2308"]
[PlyCount "66"]

1. c4 Nf6 2. g3 e6 3. Bg2 d5 4. Nf3 Be7 5. b3 O-O 6. Bb2 c5 7. O-O Nc6 8. cxd5
Nxd5 9. Nc3 Nc7 10. d3 Bf6 11. Qd2 b6 12. Ne4 Bxb2 13. Qxb2 Bb7 14. Ne5 Nxe5
15. Qxe5 f6 16. Qh5 Rb8 17. Rac1 Qe7 18. Rc2 Rfd8 19. Rfc1 Nb5 20. Nc3 Nd4 21.
Rb2 Rbc8 22. e4 Rd7 23. Ne2 Rcd8 24. Rd1 Ba6 25. Nf4 Nc6 26. Qg4 Rd6 27. Rbd2
Ne5 28. Qh3 g5 29. Nh5 Nxd3 30. Bf1 Nxf2 31. Rxf2 Rxd1 32. Nxf6+ Kh8 33. e5 Re1
0-1

[Event "Cappelle-la-Grande 2014"]
[Site "Cappelle-la-Grande (FRA)"]
[Date "????.??.??"]
[Round "7.77"]
[White "Rosenauer, Horst"]
[Black "Lefebvre, Herve"]
[Result "0-1"]
[WhiteElo "1920"]
[BlackElo "2307"]
[PlyCount "74"]

1. e4 e6 2. d4 d5 3. Nc3 Nf6 4. e5 Nfd7 5. f4 c5 6. Nf3 Nc6 7. Be3 Be7 8. Qd2
O-O 9. Ne2 f6 10. c3 Rb8 11. Kf2 b5 12. Kg1 b4 13. h4 bxc3 14. bxc3 Qa5 15. Ng3
fxe5 16. fxe5 Rxf3 17. gxf3 cxd4 18. cxd4 Qxd2 19. Bxd2 Nxd4 20. Bf4 Nxf3+ 21.
Kf2 Nxh4 22. Rd1 Ng6 23. Ne2 Rb2 24. Be3 Rxa2 25. Rd2 Rxd2 26. Bxd2 Ndxe5 27.
Bh3 Nc4 28. Bc1 Bc5+ 29. Ke1 Bd7 30. Nf4 Nxf4 31. Bxf4 Kf7 32. Rf1 Ke7 33. Bg5+
Kd6 34. Rf7 Bd4 35. Be7+ Kc6 36. Bf8 Ne5 37. Rf4 Nd3+ 0-1

[Event "Cappelle-la-Grande 2014"]
[Site "Cappelle-la-Grande (FRA)"]
[Date "????.??.??"]
[Round "7.78"]
[White "Halfaoui, Eddine"]
[Black "Bouget, Alexandre"]
[Result "0-1"]
[WhiteElo "1916"]
[BlackElo "2295"]
[PlyCount "94"]

1. e4 e5 2. Nf3 Nc6 3. Bb5 a6 4. Ba4 Nf6 5. O-O Be7 6. Re1 b5 7. Bb3 O-O 8. c3
d5 9. exd5 e4 10. Ng5 Bg4 11. Qc2 Ne5 12. Nxe4 Nxe4 13. Qxe4 Bd6 14. d4 f5 15.
Qe3 f4 16. Qe4 Bf5 17. dxe5 Bxe4 18. Rxe4 Qe8 19. Nd2 Bc5 20. Nf3 g5 21. Bd2
Kh8 22. Nd4 Bb6 23. Rae1 Qh5 24. Bd1 Qg6 25. Nc6 Rae8 26. e6 Rf5 27. Bb3 Qh5
28. Bd1 Qh4 29. Nd4 Rxd5 30. Bb3 Rd6 31. R1e2 Qh5 32. Nf5 Rd3 33. c4 Qg6 34.
Re5 f3 35. gxf3 Rxf3 36. Bc3 b4 37. R5e3+ bxc3 38. Rxf3 cxb2 39. Rxb2 g4 40.
Ne7 Rxe7 41. Rf8+ Kg7 42. Rf7+ Rxf7 43. exf7 Bc5 44. Rd2 g3 45. hxg3 Qxg3+ 46.
Kf1 Qf4 47. Ke1 Bb4 0-1

[Event "Cappelle-la-Grande 2014"]
[Site "Cappelle-la-Grande (FRA)"]
[Date "????.??.??"]
[Round "7.79"]
[White "Sobecki, Damien"]
[Black "Safranska, Anda"]
[Result "0-1"]
[WhiteElo "1916"]
[BlackElo "2282"]
[PlyCount "116"]

1. Nc3 g6 2. d4 Bg7 3. Bg5 c5 4. e3 cxd4 5. exd4 Qb6 6. Nge2 Nf6 7. Bxf6 Bxf6
8. Nd5 Qa5+ 9. Ndc3 O-O 10. Qd2 d6 11. h4 h5 12. Nf4 Nc6 13. Bc4 Bf5 14. Nfd5
Bg7 15. O-O-O e6 16. Ne3 Nxd4 17. Nb5 Qxd2+ 18. Rxd2 Nxb5 19. Nxf5 gxf5 20.
Bxb5 Bh6 21. Be2 Kg7 22. Bxh5 Rac8 23. g3 Bxd2+ 24. Kxd2 Rc5 25. Bf3 d5 26. Re1
Rfc8 27. Bd1 Kf6 28. Re3 e5 29. Rf3 Ke6 30. Ra3 a6 31. Re3 f6 32. Re1 b5 33. a3
a5 34. Rh1 b4 35. axb4 axb4 36. b3 Kf7 37. h5 Kg7 38. Rh4 d4 39. g4 Kh6 40.
gxf5 Rg8 41. Be2 Rg2 42. f4 exf4 43. Kd1 Re5 44. Bf1 Rf2 45. Bd3 Re7 46. Kc1
Kg5 47. Rh1 f3 48. Kb2 Rh7 49. Re1 Rxh5 50. Re6 Rd2 51. Re1 Rhh2 52. Kc1 Rdg2
53. Rf1 Kf4 54. Kd1 Rd2+ 55. Kc1 Rxd3 56. cxd3 Ra2 57. Kb1 Re2 58. Kc1 f2 0-1

[Event "Cappelle-la-Grande 2014"]
[Site "Cappelle-la-Grande (FRA)"]
[Date "????.??.??"]
[Round "7.80"]
[White "Gajek, Radoslaw"]
[Black "Fovet, Sebastien"]
[Result "1-0"]
[WhiteElo "2270"]
[BlackElo "1947"]
[PlyCount "57"]

1. e4 c5 2. Nf3 d6 3. d4 cxd4 4. Nxd4 Nf6 5. Nc3 g6 6. Be3 Nc6 7. f3 Bg7 8. Qd2
O-O 9. O-O-O Bd7 10. h4 h5 11. Kb1 Qc8 12. Be2 Ne5 13. Bh6 Rb8 14. g4 Kh7 15.
Bxg7 Kxg7 16. gxh5 Nxh5 17. f4 Ng4 18. f5 Ngf6 19. Rhg1 Rh8 20. fxg6 fxg6 21.
Qg5 Qe8 22. e5 dxe5 23. Qxe5 e6 24. Ne4 Qf8 25. Rdf1 Re8 26. Bxh5 Rxh5 27.
Qxf6+ Qxf6 28. Nxf6 Rxh4 29. Nxe8+ 1-0

[Event "Cappelle-la-Grande 2014"]
[Site "Cappelle-la-Grande (FRA)"]
[Date "????.??.??"]
[Round "7.81"]
[White "Sadikhov, Ulvi"]
[Black "Vaillant, Stephane"]
[Result "1-0"]
[WhiteElo "2263"]
[BlackElo "1938"]
[PlyCount "67"]

1. e4 e6 2. d3 d5 3. Nd2 Nf6 4. g3 b6 5. Bg2 Bb7 6. Qe2 dxe4 7. Nxe4 Nxe4 8.
Bxe4 Bxe4 9. dxe4 Be7 10. Nf3 O-O 11. O-O Qc8 12. Bf4 c5 13. c3 Nc6 14. h4 Qb7
15. e5 Rad8 16. h5 Rd7 17. h6 g6 18. Ng5 Rd5 19. Nf3 Rfd8 20. Rfe1 R8d7 21. Nh2
Qc7 22. Ng4 Qd8 23. Qe4 Qc8 24. Qf3 Rd3 25. Be3 Qc7 26. Qf4 Qd8 27. Kh2 R3d5
28. Qe4 Qc7 29. Bf4 Na5 30. Rac1 c4 31. Qf3 Nb7 32. Re4 b5 33. Be3 Rd3 34. Nf6+
1-0

[Event "Cappelle-la-Grande 2014"]
[Site "Cappelle-la-Grande (FRA)"]
[Date "????.??.??"]
[Round "7.82"]
[White "Donovan, Linton"]
[Black "Alloui-Cros, Baptiste"]
[Result "1-0"]
[WhiteElo "2233"]
[BlackElo "1934"]
[PlyCount "37"]

1. e4 Nf6 2. e5 Nd5 3. d4 d6 4. Bc4 Nb6 5. Bb3 dxe5 6. Qf3 e6 7. dxe5 a5 8. c3
Nc6 9. Qg3 a4 10. Bc2 Qd5 11. Nf3 Nc4 12. O-O N4xe5 13. Nxe5 Qxe5 14. Bf4 Qf6
15. Nd2 Bd6 16. Bxd6 cxd6 17. Ne4 Qe5 18. f4 Qa5 19. Qxg7 1-0